书目信息 |
| 题名: |
中国保险推销术
|
|
| 作者: | 刘燕晖 著 | |
| 分册: | ||
| 出版信息: | 北京 工商出版社 2002.05 |
|
| 页数: | 308页 | |
| 开本: | 22cm | |
| 丛书名: | ||
| 单 册: | ||
| 中图分类: | F842.4 | |
| 科图分类: | ||
| 主题词: | 传记 , 保险 | |
| 电子资源: | ||
| ISBN: | 7-80012-340-5 | |
| 000 | 00662 nam 000253 | |
| 001 | 0100005260 | |
| 005 | 20091228091643.17 | |
| 010 | @a7-80012-340-5@dCNY16.80 | |
| 100 | @a20090629d2005 em y0chiy0121 ea | |
| 101 | @achi | |
| 102 | @aCN@b110000 | |
| 105 | @ay z 000yy | |
| 106 | @ar | |
| 200 | 10 | @a中国保险推销术@9zhong guo bao xian tui xiao shu@f刘燕晖著@Fliu yan hui zhu |
| 210 | @a北京@c工商出版社@d2002.05 | |
| 215 | @a308页@d22cm | |
| 540 | @a中国保险推销术 | |
| 606 | @a传记 | |
| 606 | 0 | @a保险 |
| 690 | @aF842.4@v4 | |
| 701 | 0 | @a刘燕晖@9liu yan hui@4著 |
| 801 | @aCN@c20091228 | |
| 901 | @a222222 | |
| 905 | @b903763-65@dF842.4@eL700@f3 | |
| 中国保险推销术/刘燕晖著.-北京:工商出版社,2002.05 |
| 308页;22cm |
| ISBN 7-80012-340-5:CNY16.80 |
| ● |
| 相关链接 |
|
|
|
正题名:中国保险推销术
索取号:F842.4/L700
 
预约/预借
| 序号 | 登录号 | 条形码 | 馆藏地/架位号 | 状态 | 备注 |
| 1 | 903763 | 209037638 | 社科库409/ [索取号:F842.4/L700] | 在馆 | |
| 2 | 903764 | 209037647 | 社科库409/409社科库 55排3列5层/ [索取号:F842.4/L700] | 在馆 | |
| 3 | 903765 | 209037656 | 社科库409/409社科库 55排3列5层/ [索取号:F842.4/L700] | 在馆 |